000 00437cam a2200193u 4500
001 8855747
005 20180220071026.0
008 810522m19531957dcua 000 0 eng
010 _a 54016316
040 _aDLC
_cCarP
_dDLC
041 _aeng
080 _a2 MAX
082 _a2 MAX
100 1 _a24
101 _aTEO
245 1 4 _aThe Bible story ...
906 _a0
_bcbc
_cpremunv
_du
_encip
_f19
_gy-gencatlg
942 _2ddc
_cBK
999 _c42914
_d42914